| 000 | 00895nam a22002177a 4500 | ||
|---|---|---|---|
| 999 |
_c14342 _d14342 |
||
| 003 | MIRAKIL | ||
| 005 | 20210329164645.0 | ||
| 008 | 210329b tu ||||| |||| 00| 0 tur d | ||
| 040 |
_aTR-AnCHP _cTR-AnCHP |
||
| 041 | _aTUR | ||
| 082 |
_aATA 956.1023092 _bT38a 1987 |
||
| 100 | _aTevetoğlu, Fethi | ||
| 245 | 1 | 0 |
_aAtatürk'le samsuna çıkanlar/ _cFethi Tevetoğlu. |
| 260 |
_aAnkara: _bKültür ve Turizm Bakanlığı Yayınları, _c1987. |
||
| 300 |
_a329 s.: _c19 sm. |
||
| 490 | 0 |
_aKültür ve Turizm Bakanlığı Yayınları; _aAtatürk Dizisi; _v757. _v24. |
|
| 600 | 1 | 4 |
_91465 _aAtatürk, Gazi Mustafa Kemal _cTürkiye Cumhuriyeti Cumhurbaşkanı _d1881-1938 _xKurtuluş savaşı |
| 600 | 1 | 4 |
_91465 _aAtatürk, Gazi Mustafa Kemal _cTürkiye Cumhuriyeti Cumhurbaşkanı _d1881-1938 _xSilah arkadaşları _xyaşamöyküsü |
| 650 | 0 |
_9908 _aTürkiye _xTarih _xKurtuluş savaşı |
|
| 942 |
_2ddc _cBKS |
||